Mamma Decemba /

Bibliographic Details
Main Author: Moffatt, Nigel D.
Format: Book
Language:English
Published: London : Faber, 1987.
Subjects:

MARC

Tag First Indicator Second Indicator Subfields
LEADER 00000cam a2200000 a 4500
001 in00000018302
005 20151007053214.0
008 870930s1987 enk 00010 eng d
010 |a gb 87002744  
015 |a GB87-2744 
020 |a 0571147755 (pbk) :  |c £2.95 
035 |a (OCoLC)15018731 
035 |9 AAB0790AM 
040 |a UKM  |c UKM  |d UtOrBLW 
049 |a TXAM  |c [A11097928] 
050 1 0 |a PR6063.O4/ 
050 4 |a PR6063.O4  |b .M63 1987 
082 0 |a 822/.914  |2 19 
100 1 |a Moffatt, Nigel D. 
245 1 0 |a Mamma Decemba /  |c Nigel D. Moffatt. 
264 1 |a London :  |b Faber,  |c 1987. 
300 |a 34 pages ;  |c 20 cm. 
336 |a text  |b txt  |2 rdacontent 
337 |a unmediated  |b n  |2 rdamedia 
338 |a volume  |b nc  |2 rdacarrier 
653 |a Drama in English, 1945- - Texts 
999 |a MARS 
999 f f |s 358fd7d7-3108-37f7-ac28-b1ba84931ddd  |i 22eb709e-df67-3997-918e-b5277c1266ff  |t 0 
952 f f |p ric  |a Texas A&M University  |b Rellis Campus  |c Joint Library Facility  |d Remote Storage  |t 0  |e PR6063.O4 M63 1987  |h Library of Congress classification  |i unmediated -- volume  |m A14811097928 
998 f f |a PR6063.O4 M63 1987  |t 0  |l Remote Storage